header

School development (Record no. 25504)

MARC details
000 -LEADER
fixed length control field 01476nam a2200349Ia 4500
100 1# - MAIN ENTRY--AUTHOR NAME
Personal name Dalin, Per,
245 10 - TITLE STATEMENT
Title School development
260 ## - PUBLICATION, DISTRIBUTION, ETC. (IMPRINT)
Place of publication London :
Name of publisher Cassell,
Year of publication 1998.
300 ## - PHYSICAL DESCRIPTION
Number of Pages xii, 273 p. :
Other physical details ill.
490 1# - SERIES STATEMENT
Series statement School development series
500 ## - GENERAL NOTE
General note "This book draws on the extensive work of IMTEC with school development projects"--Preface.
650 #0 - SUBJECT ADDED ENTRY--TOPICAL TERM
Topical Term Educational change.
Topical Term School management and organization.
856 40 - ELECTRONIC LOCATION AND ACCESS
Uniform Resource Identifier http://site.ebrary.com/lib/rucke/Doc?id=10224616

No items available.

© 2026 Rongo University
Contact us: librarian | system librarian | Rongo university